|
|
|
|
| LEADER |
00813cam a2200241 7i4500 |
| 001 |
0000033905 |
| 005 |
20170808090000.0 |
| 007 |
##ta |
| 008 |
170808t20162016 eng |
| 020 |
# |
# |
|a 9781530029976
|
| 040 |
# |
# |
|a MATR
|
| 090 |
0 |
0 |
|a I 381.41091767
|b ELA
|
| 100 |
1 |
# |
|a Elasrag Hussein
|e author
|
| 245 |
0 |
0 |
|a Halal Industry :
|b Key Challenges and Opportunities
|c Hussein Elasrag.
|
| 264 |
# |
4 |
|a ♭2016.
|
| 264 |
# |
1 |
|a [place of publication not identified]:
|b <U+0009>[publisher not identified],
|c 2016.
|
| 300 |
# |
# |
|a 154 pages;
|c 23 cm.
|
| 336 |
# |
# |
|a text
|2 rdacontent
|
| 337 |
# |
# |
|a unmediated
|2 rdamedia
|
| 338 |
# |
# |
|a volume
|2 rdacarrier
|
| 650 |
# |
0 |
|a Halal food industry
|
| 650 |
# |
0 |
|a Food --
|x Religious aspects --
|x Islam
|
| 999 |
|
|
|a B000038392
|b Book
|c International
|e Business Information Centre
|